[Event "Skopje op-A"]
[Site "Skopje"]
[Date "2024.12.15"]
[Round "7"]
[White "Tabakovski, Dino"]
[Black "Sen, Ali Emre"]
[Result "1/2-1/2"]
[WhiteElo "1911"]
[BlackElo "1733"]
[PlyCount "108"]
[EventDate "2024.12.11"]
[EventType "swiss"]
[EventRounds "9"]
[EventCountry "MKD"]
[SourceTitle "CB52_2024"]
[SourceDate "2024.12.25"]
[SourceVersion "1"]
[SourceVersionDate "2024.12.25"]
[SourceQuality "1"]

1. d4 Nf6 2. c4 g6 3. Nc3 Bg7 4. e4 d6 5. f3 0-0 6. Be3 e5 7. d5 Ne8 8. Qd2 f5 9. 0-0-0 f4 10. Bf2 a5 11. g4 Na6 12. Kb1 Kh8 13. Nge2 Nc5 14. Nc1 b6 15. h4 h6 16. Nd3 Ba6 17. Nxc5 dxc5 18. a4 Nd6 19. Nb5 Bxb5 20. axb5 Kg8 21. g5 h5 22. Qc3 Ra7 23. Kc2 Qe7 24. Bh3 Rfa8 25. Ra1 Kh7 26. Ra4 Rd8 27. Rha1 Rb7 28. Be6 Rbb8 29. Qe1 Nb7 30. Qf1 Rd6 31. Bh3 Rdd8 32. Rd1 Qd6 33. Be6 Qe7 34. Qh3 Nd6 35. Qf1 Ne8 36. Qg1 Bf8 37. Qh2 Ng7 38. Bh3 Qf7 39. Qg1 Qe7 40. Rda1 Qd6 41. Be1 Ne8 42. Bc3 Bg7 43. Qb1 Qe7 44. Bxa5 bxa5 45. Rxa5 Nd6 46. Bf1 Nc8 47. b3 Nb6 48. R1a2 Qd7 49. Qe1 Bf8 50. Qc3 Bd6 51. Ra6 Kg8 52. Qd2 Ra8 53. Qc3 Rdb8 54. Qa1 Qc8 1/2-1/2